Top 15 Länder mit Covid-19-Todesfällen - 25. April 2021 - Statistiken

Allgemein
  • Dieses Quiz wurde 27 mal gespielt
  • Das Durchschnittsergebnis liegt bei 12 aus 24
Antwortstatistiken
Land % Korrekt
Deutschland
96%
Vereinigte Staaten
92%
Frankreich
76%
Indien
76%
Brasilien
72%
Spanien
72%
Italien
68%
Russland
68%
Vereinigtes Königreich
68%
Mexiko
64%
Polen
60%
Argentinien
48%
Iran
44%
Kolumbien
44%
Belgien
40%
Bulgarien
40%
Peru
40%
Tschechien
40%
Ungarn
40%
Slowenien
24%
Kroatien
20%
Slowakei
20%
Bosnien und Herzegowina
16%
Nordmazedonien
16%
Keine übereinstimmenden Quizze gefunden
Verteilung der Resultate
Anzahl Personen mit jedem Resultat
Perzentil nach korrekt beantworteten Fragen
Ihre Resultats-Entwicklung
Sie haben dieses Quiz noch nicht gespielt